gok het land met 3 missende letters [lastig] - Statistieken

Algemene statistieken
  • Deze quiz is 87 keer genomen
  • De gemiddelde score is 8 van 15
Antwoordstatistieken
Hint Antwoord % Correct
strali australië
84%
olivi bolivia
84%
oeda oeganda
76%
sint lci saint lucia
76%
bez belize
66%
orgal portugal
63%
uiland duitsland
61%
baaos barbados
59%
eerand nederland
56%
bli belgië
39%
mali somalië
37%
baas bahama's
24%
mica jamaica
24%
lt malta
24%
paj spanje
24%
Geen overeenkomende quizzen gevonden
Scoreverdeling
Procent van Mensen met Elke Score
Percentiel versus Aantal Correcte Antwoorden
Uw Scoregeschiedenis
U heeft deze quiz nog niet genomen